000 00770nam a2200253 a 4500
001 13603
003 BD-RjUL
005 20211208235500.0
008 140201s1955 nyua b 001 0 eng
035 _a(BD-RjUL)13655
040 _aDLC
_cOClU
_dUk
_dDLC
_dBD-RjUL
_beng
041 _aeng
082 _a621.38804
_bWEC 1955
_223
100 1 _aWentworth, John Warren
_942562
245 1 0 _aColor television engineering /
_cJohn Warren Wentworth
260 _aNew York :
_bMcGraw-Hill,
_cc1955.
300 _a459 p. :
_bill. ;
_c24 cm.
504 _aIncludes bibliographies & Index.
650 0 _aColor television.
_942563
830 _aMcGraw-Hill television series
_9168074
942 _2ddc
_cBK
999 _c13603
_d13603